00850nam a2200241 a 450000100060000000300080000600500170001400800410003102000320007203500190010404000350012304100080015808200250016610000310019124500810022226000310030330000350033450400390036965000330040894200120044199900170045395201380047066034BD-RjUL20211209081507.0170313s1985 nyua b 001 0 eng d a0471809233 :c$24.95 (est.) a(BD-RjUL)66164 aBD-RjULcBD-RjULdBD-RjULbeng aeng00a005.74223bBRD 19851 aBrathwaite, Ken S.919532410aData administration :bselected topics of data control /cKen S. Brathwaite. aNew York :bWiley,cc1985. axvii, 220 p. :bill. ;c24 cm. aIncludes bibliographies and index. 0aDatabase management.9175456 2ddccBK c66034d66034 00102ddc40718NFICaRUCLbRUCLcReadingd1991-05-26eAsia foundationl0o005.74 BRD 1985r2017-03-13 00:00:00tC-1w2017-03-13yBK